| 000 | 00683nam a2200265 a 4500 | ||
|---|---|---|---|
| 003 | AR-BaBNM | ||
| 005 | 20251128205933.0 | ||
| 008 | 082120s2002 ||||||||||||||000 | spa|| | ||
| 040 | _cAR-BaBNM | ||
| 100 | 1 | _aDominique, Antoine | |
| 245 | 0 | 0 | _aLe gorille en est-il? |
| 260 |
_aParĂs _bLibrairie Gallimard _c1959 |
||
| 300 | _a186 p. | ||
| 490 | 0 |
_aSerie noire _vv. 37 |
|
| 650 | 4 | _aLITERATURA FRANCESA | |
| 650 | 4 | _aLITERATURA EXTRANJERA | |
| 650 | 4 | _aLITERATURA CONTEMPORANEA | |
| 650 | 4 | _aLITERATURA POPULAR | |
| 653 | _aNARRATIVA | ||
| 653 | _aNOVELA POLICIAL | ||
| 655 | _aLITERATURA | ||
| 800 | 1 |
_aDuhamel, Marcel _edirector |
|
| 942 | _cBK | ||
| 998 | _cMARTIN | ||
| 999 |
_c13385 _d13385 |
||